000 00619nam a2200229Ia 4500
003 OSt
005 20221007073313.0
006 a|||||r|||| 00| 0
007 ta
008 221006b |||||||| |||| 00| 0 hin d
024 _a7,827
037 _cTextual
040 _aFLL
_cFLL
_bhin
041 _2hin
_ahin
082 _aZ2,5277, M9
100 _aBabal Basantilal Au.
245 0 _aHandwriting and finger print science
260 _aLucknow
_bEastern book comp. India
_c1989
300 _axiv,119p
_ccm.
942 _hZ2,5277, M9
_cTEXL
_2CC
999 _c1148296
_d1148296